000 00445nam a2200157 i 4500
001 147272
003 ES-MaACL
005 20230906201915.0
007 t|
008 070925q19401949sp ||||1| spa d
245 0 0 _aUbeda y Baeza.
260 _aMadrid :
_bDirección General de Turismo,
_c[1947?]
300 _a8 h. :
_bil. ;
_c23 cm.
710 1 _aEspaña.
_bDirección General de Turismo.
_9172729
852 _aES-MaACL
_j1877-F-16
_bR.24488
999 _c147272
_d147272